| 000 | 00724nam a22002057a 4500 | ||
|---|---|---|---|
| 999 |
_c183663 _d183663 |
||
| 005 | 20220121113111.0 | ||
| 010 | _aENG-130811 | ||
| 020 |
_a978-93-89811-59-9 _c275.00 |
||
| 035 | _aEN-114343 | ||
| 037 | _bDBAD | ||
| 082 | _a510 | ||
| 100 | _aAgarwal, Ravi Kant | ||
| 245 |
_aMathematics and Pedagogy: _bCTET/TET Subject-wise Magical Series Based on the Latest Pattern/ _cRavi Kant Agarwal, Deepak Pandey, Om Prakash |
||
| 260 |
_aChennai _bMcGraw Hill Education Private Limited _c2017 |
||
| 270 |
_a444/1, Sri Ekambara Naicker Industrial Estate, Alapakkam, Porur _bChennai _e600116 |
||
| 300 |
_a320p _c23cm(pbk) |
||
| 700 | _aPandey, Deepak | ||
| 700 | _aPrakash, Om | ||
| 942 |
_2ddc _cEN _h510 _mAGA |
||